01040nam a2200265 a 4500001001000000003000400010005001700014008004100031040002500072049000900097082002100106100003700127245006100164260004200225300002700267650002800294650003700322650007200359650003100431910003700462942001400499952011900513952012500632999001700757000029508OSt20260321073641.0110418s1985 dr a 000 0 spa d aDO-SdBNPbspacBNPHU aBNPD aRD864.44bB742co1 a Bosch, Juan, d1909-200197655510aConferencia sobre periodismo y literatura /cJuan Bosch. aSanto Domingo :bAlfa y Omega,c1985. a17 p. :bil. ;c21 cm. 0aEnsayos dominicanos965 4aPeriodismoxArte de escribir927 4aCulturaxRepública dominicanaxEnsayos, conferencias, etc.955060 0aLiteratura dominicana.967 aValidado. Control de calidad EMS 2ddccLBS1 0010718PDaPDbPDcHDd2011-04-18iLF1l0oRD864.44 B742cop29508-10r2020-06-25w2020-06-25yLFPDZNo se presta 0010718PDaPDbPDcHDd2014-04-28iLF1l0oRD864.44 B742cop29508-20r2020-06-25te. 2w2020-06-25yLFPDZNo se presta c29000d29000